000
00246nam a22001097a 4500
082
_a
621.388 SCH'B
100
_a
SCHURE, ALEXANDER
_9
41545
245
_a
BASIC TELEVISION
260
_a
NEWYORK
_b
JOHN F. RIDER
_c
1958
300
_a
137P
942
_c
BK
999
_c
569033
_d
569033